000 00296nam a2200109Ia 4500
008 220204s9999 xx 000 0 und d
082 _a908(540)
_bSUK
100 _aSukhdev Singh Chib
245 0 _aThis beautiful India: Union territories
260 _aNew Delhi
_bLight and Life
_c1977
942 _cBK
999 _c33669
_d33669